000 00269nam a2200109Ia 4500
008 220204s9999 xx 000 0 und d
082 _a82-3
_bJOH
100 _aJohns, Captain W E
245 0 _aBiggles foreign legionnaire
260 _aLondon
_bArmada
_c1979
942 _cBK
999 _c32712
_d32712